O homem do futuro (Registo nº 199566)

Detalhes MARC
000 -Etiqueta do registo
Valores 00579nam 22002053 4500
100 ## - Dados gerais de processamento
Dados gerais 20251216d u||y0pory50 ba
200 ## - Titulo e menção de responsabilidade
Título próprio O homem do futuro
Primeira menção de responsabilidade Paul Lengrand
210 ## - Publicação
Local de publicação Lisboa
Nome do editor Moraes
Data de publicação 1986
215 ## - Descrição física 
Paginação / Volumes 94, [1] p.
Outras indicações físicas encadernado
Dimensões 20 cm
225 ## - Colecção 
Título próprio da colecção Psicologia e Pedagogia
606 ## - Nome comum usado como assunto
ID Autoridade 5170
Palavra de ordem Ciências Sociais Educação
610 ## - Termos não controlados
Palavra de ordem Métodos--Técnicas--Educação
675 ## - CDU
Notação 37
Edição PT
Língua por
675 ## - CDU
Notação 159.9
Edição PT
Língua por
700 ## - Autor principal (pessoa individual)
ID Autoridade 15390
Apelido Lengrand
Nome Paul
Datas 1910-2003
801 ## - Fonte de origem
País PT
Agência BMMN
Regras de catalogação RPC
830 ## - Notas gerais do catalogador
Criado por Ana
Indexado por Ana
990 ## - Elementos KOHA
Tipo de documento Livro
Exemplares
Situação do levantamento Biblioteca de origem Código de barras Cota Permissão de empréstimo Tipo de documento Forma de aquisição
  Biblioteca Municipal de Montemor-o-Novo 28471 37 LEN|DEP   Livro Compra

Powered by Koha